Paray-Le-Monial: der Papst, die Jesuiten und die Herz-Jesu-Verehrung
| Main Author: | |
|---|---|
| Format: | Print Article |
| Language: | German |
| Check availability: | HBZ Gateway |
| Interlibrary Loan: | Interlibrary Loan for the Fachinformationsdienste (Specialized Information Services in Germany) |
| Published: |
1986
|
| In: |
Herder-Korrespondenz
Year: 1986, Volume: 40, Issue: 11, Pages: 508-509 |
| Standardized Subjects / Keyword chains: | B
Johannes Paul, II., Pope 1920-2005
/ France
/ Pope
/ Pastoral journey
/ Geschichte 1986
|
| IxTheo Classification: | CB Christian life; spirituality CH Christianity and Society KCA Monasticism; religious orders KCB Papacy KDB Roman Catholic Church |
| Parallel Edition: | Electronic
|
MARC
| LEADER | 00000caa a22000002c 4500 | ||
|---|---|---|---|
| 001 | 1641753323 | ||
| 003 | DE-627 | ||
| 005 | 20240830143943.0 | ||
| 007 | tu | ||
| 008 | 160405s1986 xx ||||| 00| ||ger c | ||
| 035 | |a (DE-627)1641753323 | ||
| 035 | |a (DE-576)46327296X | ||
| 035 | |a (DE-599)BSZ46327296X | ||
| 040 | |a DE-627 |b ger |c DE-627 |e rakwb | ||
| 041 | |a ger | ||
| 084 | |a 1 |2 ssgn | ||
| 100 | 1 | |0 (DE-588)120957760 |0 (DE-627)080994466 |0 (DE-576)165065443 |4 aut |a Seeber, David A. |d 1934-2023 | |
| 109 | |a Seeber, David A. 1934-2023 |a go 1934-2023 |a Seeber, D. A. 1934-2023 |a D. S. 1934-2023 |a se 1934-2023 |a Seeber, David Andreas 1934-2023 |a Seeber, David 1934-2023 | ||
| 245 | 1 | 0 | |a Paray-Le-Monial |b der Papst, die Jesuiten und die Herz-Jesu-Verehrung |c se |
| 264 | 1 | |c 1986 | |
| 336 | |a Text |b txt |2 rdacontent | ||
| 337 | |a ohne Hilfsmittel zu benutzen |b n |2 rdamedia | ||
| 338 | |a Band |b nc |2 rdacarrier | ||
| 601 | |a Paray-le-Monial | ||
| 601 | |a Herz-Jesu-Verehrung | ||
| 652 | |a CB:CH:KCA:KCB:KDB | ||
| 689 | 0 | 0 | |d p |0 (DE-588)118558064 |0 (DE-627)035255234 |0 (DE-576)161596290 |2 gnd |a Johannes Paul |b II. |c Papst |d 1920-2005 |
| 689 | 0 | 1 | |d g |0 (DE-588)4018145-5 |0 (DE-627)106327232 |0 (DE-576)208922857 |2 gnd |a Frankreich |
| 689 | 0 | 2 | |d s |0 (DE-588)4044561-6 |0 (DE-627)10450157X |0 (DE-576)209061464 |2 gnd |a Papst |
| 689 | 0 | 3 | |d s |0 (DE-588)4138732-6 |0 (DE-627)105640476 |0 (DE-576)209688548 |2 gnd |a Pastoralreise |
| 689 | 0 | 4 | |q z |2 gnd |a Geschichte 1986 |
| 689 | 0 | |5 (DE-627) | |
| 773 | 0 | 8 | |i In |t Herder-Korrespondenz |d Freiburg, Br. : Herder, 1946 |g 40(1986), 11, Seite 508-509 |w (DE-627)129073857 |w (DE-600)2422-3 |w (DE-576)014406144 |x 0018-0645 |7 nnas |
| 773 | 1 | 8 | |g volume:40 |g year:1986 |g number:11 |g pages:508-509 |
| 776 | 0 | 8 | |i Reproduziert als |a Seeber, David A., 1934 - 2023 |t Paray-Le-Monial |d 1986 |w (DE-627)1900728729 |k Electronic |
| 935 | |a mteo |a DTH5 | ||
| 951 | |a AR | ||
| ELC | |b 1 | ||
| ITA | |a 1 |t 1 | ||
| LOK | |0 000 xxxxxcx a22 zn 4500 | ||
| LOK | |0 001 3305005416 | ||
| LOK | |0 003 DE-627 | ||
| LOK | |0 004 1641753323 | ||
| LOK | |0 005 20221228110309 | ||
| LOK | |0 008 160404||||||||||||||||ger||||||| | ||
| LOK | |0 040 |a DE-Tue135 |c DE-627 |d DE-Tue135 | ||
| LOK | |0 092 |o n | ||
| LOK | |0 852 |a DE-Tue135 | ||
| LOK | |0 852 1 |9 00 | ||
| LOK | |0 935 |a ixzs |a ixmi | ||
| LOK | |0 936ln |0 1442049499 |a KCB | ||
| LOK | |0 936ln |0 1442049448 |a KCA | ||
| LOK | |0 936ln |0 1442043768 |a CB | ||
| LOK | |0 936ln |0 1550735845 |a CH | ||
| LOK | |0 936ln |0 1442049839 |a KDB | ||
| LOK | |0 939 |a 04-04-16 |b l01 | ||
| ORI | |a SA-MARC-ixtheoa001.raw | ||
| REF | |a Papstgeschichte,Papstreise | ||
| STA | 0 | 0 | |a France,France,France,France,France,France,Northern France,Southern France,Occitania,Western France,Northeastern France,Eastern France,Pastoral journey,Pope,Pope,Papacy,Popes |
| STB | 0 | 0 | |a Pape,Pape,Papes,Voyage pastoral |
| STC | 0 | 0 | |a Papa,Papa,Viaje pastoral |
| STD | 0 | 0 | |a Papa,Papa,Papato,Viaggio pastorale |
| STE | 0 | 0 | |a 教宗,教宗,教皇,教皇,牧灵之旅 |
| STF | 0 | 0 | |a 教宗,教宗,教皇,教皇,牧靈之旅 |
| STG | 0 | 0 | |a Papa,Papa,Viagem pastoral |
| STH | 0 | 0 | |a Папа римский (мотив),Папа римский,Пасторское путешествие |
| STI | 0 | 0 | |a Πάπας (μοτίβο),Πάπας,Ποιμαντικό ταξίδι |
| SYG | 0 | 0 | |a Johannes Paul,II.,Papst, Heiliger,1920-2005,Johannes Paulus,II.,Papst,1920-2005,Johannes Paulus,II.,Papa,1920-2005,Giovanni Paolo,II.,Papa,1920-2005,Ioannes Paulus,II.,Papa,1920-2005,Wojtyła, Karol,1920-2005,Wojtyła, Karol Józef,1920-2005,Ioannis Paulus,II.,Papst,1920-2005,Ivan Pavao,II.,Papst,1920-2005,Ivan Pavlo,II.,Papst,1920-2005,Jan Pavel Druhý,Papst,1920-2005,Ján Pavol,II.,Papst,1920-2005,Jan Paweł,II.,Papst,1920-2005,Jan Paweł,II,Papież,1920-2005,Janez Pavel,II.,Papst,1920-2005,Jānis Pāvils,II.,Pāvests,1920-2005,János Pál,II.,Pápa,1920-2005,Jean Paul,II.,Papst,1920-2005,Jean Paul,II.,Pape,1920-2005,Jean-Paul,II.,Pape,1920-2005,Joannes Paulus,II.,Papa,1920-2005,Johannes Paulus,II.,Paus,1920-2005,Johano Paŭlo la Dua,Papst,1920-2005,John Paul,II.,Papst,1920-2005,John Paul,II.,Pope,1920-2005,Juan Pablo,II.,Papst,1920-2005,Juan Pablo,II.,Papa,1920-2005,Joany Paoly,II.,Papa,1920-2005,Vojtyla, Karol,1920-2005,Wojtyla, Carlo,1920-2005,Vojtila, Karol,1920-2005,Wojtyla, Karol,1920-2005,Wojtyla, Karol,Heiliger,1920-2005,Johannes Paul,II.,Heiliger,1920-2005,Yuḥannā Būlus,II.,al-Bābā,1920-2005,Yuhạnnā Būlus,II.,al-Bābā,1920-2005,Yuḥannā-Būlus at-Tānī, al-Bābā,1920-2005,Yuhạnnā-Būlus at-Tanī, al-Bābā,1920-2005,Yūhạnnā Būlus at-Tanī, al-Bābā,1920-2005,Yūḥannā Būlus at-Tānī, al-Bābā,1920-2005,Ioann Pavel,II.,Papa,1920-2005,Ioannes Paulos,II.,Papa,1920-2005,Johano Paŭlo,II.,Papst,1920-2005,Gioan-Phaolô,II.,Papst,1920-2005,Johannes Paul,II.,1920-2005,Johannes Paul,II,Papst,1920-2005,Jawień, Andrzej,1920-2005,Gruda, Stanisław A.,1920-2005,Jasień, Piotr,1920-2005,Johannes Paul,II,Pape,1920-2005,Johannes Paul,II,Pope,1920-2005 , France , France,La France,République Française,France,Francija,Französische Republik,Empire Français,République Française,France,Royaume Français,Fränkische Republik,Frankreich,Frankreich,Ṣārfat,Repubblica Francese , Papstdarstellung,Bischof von Rom,Päpste,Papsttum,Papa , Pastoralvisite |
| TIM | |a 100019860101_100019861231 |b Geschichte 1986 | ||